000 00525nam a2200205Ia 4500
008 170918s9999 xx 000 0 und d
020 _a9780545332163
050 _bG456 2010
100 _aGiff, Patricia Reilly
245 _aNumber one kid /
245 _cPatricia Reilly Giff ; illustrated by Alasdair Bright.
260 _aNew York :
260 _bScholastic,
260 _c2010
300 _a67 pages :
300 _bcolored illustration ;
300 _c19cm.
440 _aZigzag kids ; 1.
500 _a230
999 _c341127
_d341127